00481 2200181 4500001002100000005001500021035002000036245005000056100001700106300003100123260003100154082001400185084002000199020001800219008004100237650001000278990001100288INLIS00000000000158420231207021504 a0010-11230000071 aHarry Potter dan Orde Phoenix /cJ.K. Rowling0 aJ.K. Rowling a1200 hlm :bilust ;c20 cm aJakarta :bGramedia,c2004 a899.221'3 a899.221'3 ROW h a979-22-0651-5231207 0  4aNovel a002940